Most Popular Sports Ranked By Total Fans - Statistics

General Stats
  • This quiz has been taken 110 times
  • The average score is 3 of 10
Answer Stats
Amount of Fans Sports % Correct
3.5 Billion Football (Soccer)
97%
2.5 Billion Cricket
74%
800 Million Basketball
35%
1 Billion Tennis
29%
2 Billion Hockey
26%
500 Million Baseball
25%
475 Million Rugby
20%
450 Million Golf
10%
900 Million Volleyball
10%
850 Million Table Tennis
4%
No matching quizzes found
Score Distribution
Percent of People with Each Score
Percentile by Number Answered
Your Score History
You have not taken this quiz